[Event "3rd China Mind Team KO"]
[Site "Zaozhuang CHN"]
[Date "2015.09.02"]
[Round "2.4"]
[White "Wei Yi"]
[Black "Bu Xiangzhi"]
[Result "0-1"]
[WhiteElo "2734"]
[BlackElo "2710"]

1.e4 e5 2.Nf3 Nc6 3.Bb5 a6 4.Ba4 Nf6 5.O-O b5 6.Bb3 Bb7 7.d3 Be7 8.Nc3 d6
9.a3 O-O 10.Re1 Re8 11.h3 h6 12.Ne2 Bf8 13.Ng3 Qd7 14.c3 d5 15.Qe2 Rad8 16.Bc2 g6
17.Be3 a5 18.a4 b4 19.Rad1 Ba6 20.c4 d4 21.Bc1 Qe7 22.Rf1 Nd7 23.b3 Nc5 24.Qe1 Bc8
25.Nh2 f5 26.f4 exf4 27.Rxf4 fxe4 28.Nxe4 Bf5 29.Qg3 Bxe4 30.dxe4 g5 31.Ng4 Bg7
32.Rf5 d3 33.Rxd3 Rxd3 34.Bxd3 Nxd3 35.Qxd3 Qxe4 36.Qd7 Qd4+ 37.Qxd4 Nxd4  0-1

[Event "3rd China Mind Team KO"]
[Site "Zaozhuang CHN"]
[Date "2015.09.03"]
[Round "3.4"]
[White "Bu Xiangzhi"]
[Black "Wei Yi"]
[Result "1-0"]
[WhiteElo "2710"]
[BlackElo "2734"]

1.Nf3 d5 2.d4 c6 3.e3 e6 4.c4 f5 5.Bd3 Nf6 6.O-O Bd6 7.b3 Qe7 8.Bb2 O-O 9.Ne5 Bd7
10.Nd2 Be8 11.f3 Bh5 12.Qe1 Nbd7 13.Kh1 Rad8 14.Nxd7 Nxd7 15.e4 dxe4 16.fxe4 f4
17.e5 Bb4 18.a3 Bxd2 19.Qxd2 g5 20.Rae1 Bg6 21.Bxg6 hxg6 22.d5 cxd5 23.cxd5 Nb6
24.d6 Qh7 25.Qe2 Qh4 26.Rf3 g4 27.Rxf4 Qxe1+ 28.Qxe1 Rxf4 29.g3 Rf5 30.Bd4 Nd5
31.Kg2 Rc8 32.Qe4 Kf7 33.Qxg4 Rc2+ 34.Kg1 Rd2 35.Qe4 Ke8 36.Be3 Rd1+ 37.Kg2 a6
38.g4 Rf7 39.Bg5 Rdf1 40.Qa4+ b5 41.Qd4 R1f3 42.Bd2 Rxb3 43.Qc5  1-0

[Event "FIDE World Cup 2015"]
[Site "Baku AZE"]
[Date "2015.09.21"]
[Round "4.2"]
[White "Wei Yi"]
[Black "Ding Liren"]
[Result "1-0"]
[WhiteElo "2734"]
[BlackElo "2782"]

1.e4 e5 2.Nf3 Nc6 3.Bb5 a6 4.Ba4 Nf6 5.O-O Be7 6.d3 b5 7.Bb3 d6 8.a3 O-O
9.Nc3 h6 10.h3 Re8 11.Bd2 Bf8 12.a4 Rb8 13.axb5 axb5 14.Re1 Be6 15.Nd5 Nd7
16.c3 Ne7 17.Ne3 Bxb3 18.Qxb3 Ng6 19.g3 Nc5 20.Qc2 Qd7 21.b4 Ne6 22.d4 exd4
23.cxd4 c5 24.d5 Nd4 25.Nxd4 cxd4 26.Nf5 Ne5 27.Kg2 Rbc8 28.Qb3 d3 29.Ra2 Ra8
30.Rea1 Rxa2 31.Rxa2 Qc8 32.Ne3 g6 33.Bc3 h5 34.Bxe5 Rxe5 35.Qxd3 Qe8 36.Re2 Bg7
37.Nc2 f5 38.f3 fxe4 39.fxe4 Re7 40.Nd4 Bxd4 41.Qxd4 Re5 42.Qd3 Kh7 43.Qc2 Qe7
44.h4 Kg7 45.Qd3 Kh7 46.Kh2 Kg7 47.Qd4 Kh7 48.Re3 g5 49.hxg5 Qxg5 50.Rf3 Re7
51.Rf4 Qg6 52.Rf6 Qg5 53.Qf2 Kg7 54.Rxd6 h4 55.Kh3 hxg3 56.Qf5 Qxf5+ 57.exf5 Re4
58.Rg6+ Kf7 59.Rxg3 Rxb4 60.Rd3 Rc4 61.d6 Rc8 62.Kg4 Kf6 63.Kf4 b4 64.Ke4 Rb8
65.Kd5 b3 66.d7 b2 67.Rb3 Rxb3 68.d8=Q+ Kxf5 69.Qd7+ Kg5 70.Qe7+ Kg4 71.Qe4+ Kg3
72.Qg6+ Kh4 73.Qb1 Kg5 74.Kc4 Rb8 75.Qg1+ Kf5 76.Qc5+ Kg4 77.Qd4+ Kf3 78.Qf6+ Ke4
79.Qe6+ Kf3 80.Qf5+  1-0

[Event "5th Chinese Rapid Masters"]
[Site "Shenzhen CHN"]
[Date "2015.11.20"]
[Round "1.1"]
[White "Ni Hua"]
[Black "Wei Yi"]
[Result "1/2-1/2"]
[WhiteElo "2696"]
[BlackElo "2737"]

1.Nf3 Nf6 2.c4 c5 3.Nc3 Nc6 4.g3 d5 5.d4 e6 6.cxd5 Nxd5 7.Bg2 cxd4 8.Nxd4 Nxc3
9.bxc3 Nxd4 10.Qxd4 Qxd4 11.cxd4 Bd6 12.a4 Rb8 13.Ba3 Ke7 14.Bxd6+ Kxd6 15.Kd2 Bd7
16.Rhb1 b6 17.e4 f6 18.a5 bxa5 19.Rxb8 Rxb8 20.Rxa5 Rb2+ 21.Ke3 Rb3+ 22.Kd2 Rb2+
23.Ke3 Rb3+ 24.Kd2  1/2-1/2

[Event "5th Chinese Rapid Masters"]
[Site "Shenzhen CHN"]
[Date "2015.11.20"]
[Round "3.1"]
[White "Wang Chen"]
[Black "Wei Yi"]
[Result "0-1"]
[WhiteElo "2529"]
[BlackElo "2737"]

1.d4 Nf6 2.Nf3 g6 3.Bf4 Bg7 4.c3 O-O 5.e3 d6 6.h3 b6 7.Be2 Bb7 8.O-O Nbd7
9.Bh2 Re8 10.Nbd2 e5 11.dxe5 dxe5 12.Nc4 Ne4 13.Qc2 Qe7 14.Rad1 h6 15.Nfd2 Ng5
16.h4 Nh7 17.h5 gxh5 18.Qf5 h4 19.Nf3 Nhf8 20.Qh3 Bf6 21.Qg4+ Kh8 22.Qh5 Kg7
23.Qg4+ Kh8 24.Qh5 Ng6 25.Qxh6+ Kg8 26.Ncd2 Rad8 27.Bc4 Ndf8 28.Bb5 e4 29.Nd4 Rd5
30.c4 Rc5 31.b4 Rg5 32.Bxe8 Qxe8 33.Nb5 Nh7 34.Nxc7 Qe7 35.Nd5 Bxd5 36.cxd5 Bg7
37.d6 Qd7 38.Qxg5 Nxg5 39.Rc1 Be5 40.Rc7  0-1

[Event "5th Chinese Rapid Masters"]
[Site "Shenzhen CHN"]
[Date "2015.11.21"]
[Round "4.1"]
[White "Wei Yi"]
[Black "Yu Yangyi"]
[Result "1/2-1/2"]
[WhiteElo "2737"]
[BlackElo "2734"]

1.e4 c5 2.Nf3 Nc6 3.Bb5 g6 4.O-O Bg7 5.Nc3 e5 6.a3 Nge7 7.b4 d6 8.bxc5 dxc5
9.d3 O-O 10.Bc4 Nd4 11.h3 Be6 12.Nd2 Qd7 13.a4 b6 14.Bxe6 Qxe6 15.Nc4 f5
16.Bg5 Nec6 17.Nd5 Qf7 18.f3 Ne6 19.Bh4 Nf4 20.a5 bxa5 21.Nxa5 Nxd5 22.exd5 Qxd5
23.c4 Qd7 24.Nxc6 Qxc6 25.Ra5 e4 26.Bf2 Bd4 27.Bxd4 cxd4 28.dxe4 fxe4 29.Qxd4 exf3
30.Rxa7 Rxa7 31.Qxa7 Qxc4 32.Rxf3 Rxf3  1/2-1/2

[Event "5th Chinese Rapid Masters"]
[Site "Shenzhen CHN"]
[Date "2015.11.21"]
[Round "5.1"]
[White "Wang Hao"]
[Black "Wei Yi"]
[Result "1/2-1/2"]
[WhiteElo "2700"]
[BlackElo "2737"]

1.d4 Nf6 2.c4 g6 3.Nc3 d5 4.cxd5 Nxd5 5.e4 Nxc3 6.bxc3 Bg7 7.Qa4+ Qd7 8.Bb5 c6
9.Be2 c5 10.Bb5 Nc6 11.Nf3 O-O 12.O-O Qc7 13.Bxc6 bxc6 14.Be3 Bg4 15.Nd2 cxd4
16.cxd4 e5 17.Nb3 exd4 18.Bxd4 Bxd4 19.Qxd4 Rad8 20.Qc3 Qf4 21.Rfe1 Rfe8
22.Nc5 Qd2 23.Qg3 Bd1 24.Qe3 Bc2 25.f4 Rd5 26.Qxd2 Rxd2 27.Re3 a5 28.Rae1 Red8
29.R1e2 Rd1+ 30.Kf2 Bd3 31.Rb2 Bb5 32.a4 Rc1 33.Nb7 Rd7 34.axb5 Rxb7  1/2-1/2

[Event "5th Chinese Rapid Masters"]
[Site "Shenzhen CHN"]
[Date "2015.11.21"]
[Round "6.1"]
[White "Wei Yi"]
[Black "Wang Yue"]
[Result "1/2-1/2"]
[WhiteElo "2737"]
[BlackElo "2729"]

1.b3 Nf6 2.Bb2 g6 3.Nf3 Bg7 4.g3 c5 5.c4 d6 6.Bg2 e5 7.O-O Nc6 8.Nc3 O-O
9.d3 Rb8 10.Ne1 Be6 11.Rc1 Qd7 12.Nc2 Bh3 13.Ne3 Bxg2 14.Kxg2 Ne7 15.a3 b6
16.b4 d5 17.cxd5 cxb4 18.axb4 Nfxd5 19.Nexd5 Nxd5 20.Qb3 Nxc3 21.Bxc3 Rfc8
22.Bd2 h5 23.h4 b5 24.f3 a6 25.Rxc8+ Rxc8 26.Rc1 Rxc1 27.Bxc1 Qc6 28.Bd2 Bf8  1/2-1/2

[Event "5th Chinese Rapid Masters"]
[Site "Shenzhen CHN"]
[Date "2015.11.22"]
[Round "7.1"]
[White "Ding Liren"]
[Black "Wei Yi"]
[Result "1-0"]
[WhiteElo "2781"]
[BlackElo "2737"]

1.c4 c5 2.Nf3 Nc6 3.Nc3 Nf6 4.g3 d5 5.d4 e6 6.cxd5 Nxd5 7.Bg2 cxd4 8.Nxd4 Nxc3
9.bxc3 Nxd4 10.Qxd4 Qxd4 11.cxd4 Bd6 12.a4 Rb8 13.a5 Bd7 14.Be3 a6 15.d5 e5
16.Rb1 Bb5 17.Kd2 Ke7 18.Be4 Bc7 19.Bc5+ Bd6 20.Bb6 Rbc8 21.Bd3 Bxd3 22.Kxd3 f5
23.f3 Rhf8 24.Rb3 Rf7 25.Rhb1 Ke8 26.Ba7 Rcc7 27.Bb8 Rc5 28.Bxd6 Rxd5+ 29.Kc4 Rxd6
30.Rxb7 Rd2 31.Rb8+ Ke7 32.R1b6 Rf6 33.R8b7+ Kf8 34.Ra7 Rc2+ 35.Kb3 Rfc6
36.Rb8+ Rc8 37.Rxc8+ Rxc8 38.Rxa6 Ke7  1-0

[Event "78th Tata Steel GpA"]
[Site "Wijk aan Zee NED"]
[Date "2016.01.19"]
[Round "4.3"]
[White "Adams,Mi"]
[Black "Wei Yi"]
[Result "1/2-1/2"]
[WhiteElo "2744"]
[BlackElo "2706"]

1.c4 g6 2.g3 Bg7 3.Bg2 c5 4.Nc3 Nc6 5.Nf3 e6 6.h4 d5 7.h5 Nge7 8.d3 dxc4
9.dxc4 Qxd1+ 10.Nxd1 b6 11.h6 Bf6 12.Bg5 Bxg5 13.Nxg5 Bb7 14.Ne3 Nf5 15.Nxf5 gxf5
16.O-O-O Rb8 17.Rd2 Ne5 18.Bxb7 Rxb7 19.b3 Ke7 20.Rh4 Rd7 21.f4 Rxd2 22.Kxd2 Ng4
23.e4 f6 24.Nf3 Kf7 25.Ke2 Rg8 26.Nd2 Kg6 27.exf5+ exf5 28.Nf1 Re8+ 29.Kd2 Re4
30.Nh2 Nxh6 31.Nf3 Nf7 32.Rh1 Nd6 33.Nh4+ Kg7 34.Rf1 Kh6 35.Rh1 Kg7 36.Rf1 Re6
37.Kd3 Re8 38.Rh1 Kf7 39.Ng2 Kg6 40.Rh2 Re6 41.Nh4+ Kg7 42.Ng2 Re8 43.Ne3 Kg6
44.Ke2 Re4 45.Rh1 Rd4 46.Nc2 Re4+ 47.Kf3 Re6 48.Ne3 Re4 49.Nc2 Re6 50.Rd1 Ne4
51.Ne3 Rd6 52.Nd5  1/2-1/2

[Event "78th Tata Steel GpA"]
[Site "Wijk aan Zee NED"]
[Date "2016.01.21"]
[Round "5.3"]
[White "Wei Yi"]
[Black "Giri,A"]
[Result "1/2-1/2"]
[WhiteElo "2706"]
[BlackElo "2798"]

1.e4 c5 2.Nf3 d6 3.d4 cxd4 4.Nxd4 Nf6 5.Nc3 a6 6.Be3 Ng4 7.Bc1 Nf6 8.g3 e5
9.Nb3 Be7 10.Bg2 O-O 11.O-O Be6 12.a4 Nbd7 13.Re1 Qc7 14.Nd2 Bd8 15.Nf1 Qc5
16.Ne3 Ba5 17.Bd2 Rac8 18.Ne2 Bxd2 19.Qxd2 Ng4 20.Nxg4 Bxg4 21.Rac1 b5 22.b4 Qc6
23.axb5 axb5 24.h3 Be6 25.Red1 Qc4 26.Qe1 Nf6 27.Rxd6 Nxe4 28.Rd3 Nf6 29.Re3 Bd5
30.Rxe5 Bxg2 31.Kxg2 Rfe8 32.Nf4 Rxe5 33.Qxe5 Qxb4 34.Nd5 Nxd5 35.Qxd5 g6
36.c3 Qc4 37.Qxc4 Rxc4 38.Rb1 Rxc3 39.Rxb5  1/2-1/2

[Event "78th Tata Steel GpA"]
[Site "Wijk aan Zee NED"]
[Date "2016.01.22"]
[Round "6.6"]
[White "Hou Yifan"]
[Black "Wei Yi"]
[Result "1/2-1/2"]
[WhiteElo "2673"]
[BlackElo "2706"]

1.Nf3 Nf6 2.c4 g6 3.Nc3 d5 4.cxd5 Nxd5 5.Qb3 Nb6 6.d4 Bg7 7.Bf4 Be6 8.Qa3 O-O
9.e3 N8d7 10.Rd1 c6 11.Ne4 Bd5 12.Bd3 f5 13.Nc5 Nxc5 14.Qxc5 Bxa2 15.h4 Bb3
16.Ra1 Nd5 17.Be5 a5 18.h5 Nb4 19.Bb1 Bd5 20.Bxg7 Kxg7 21.Ne5 Qd6 22.Qc3 Be4
23.Bxe4 fxe4 24.Rh4 Nd5 25.Qd2 Qb4 26.Qxb4 axb4 27.Rxa8 Rxa8 28.hxg6 hxg6
29.Rxe4 Nf6 30.Rh4 Ra1+ 31.Ke2 Rc1 32.Kd2 Rg1 33.g3 g5 34.Rh2 c5 35.Nf3 Ra1
36.dxc5 Ne4+ 37.Kc2 Ra5 38.Nd4 Nxc5 39.g4 Ne4 40.Nf5+ Kf6 41.f3 Nc5 42.Rh6+ Ke5
43.Nxe7 Ra1 44.Ng6+ Kd5 45.Rh5 b3+ 46.Kc3 Kc6 47.Rxg5 Kb5 48.Rxc5+ Kxc5 49.Ne5 Rc1+
50.Kxb3 Kd5 51.Nd3 Rf1 52.Nb4+ Ke5 53.f4+ Ke4 54.Nc2 Rg1 55.g5 Kd3 56.Nd4 Kxe3
57.Ne6 Ke4 58.Kc4 Rg2 59.b4 Kf5 60.Kd5 Rd2+ 61.Nd4+ Kxf4 62.Kc4 Rg2 63.Ne6+ Ke5
64.Nc5 Rxg5 65.Nxb7 Rg4+ 66.Kb3 Rxb4+  1/2-1/2

[Event "78th Tata Steel GpA"]
[Site "Wijk aan Zee NED"]
[Date "2016.01.23"]
[Round "7.4"]
[White "Wei Yi"]
[Black "So,W"]
[Result "1/2-1/2"]
[WhiteElo "2706"]
[BlackElo "2773"]

1.e4 e5 2.Nf3 Nc6 3.Bb5 a6 4.Ba4 Nf6 5.O-O Nxe4 6.d4 b5 7.Bb3 d5 8.dxe5 Be6
9.Nbd2 Nc5 10.c3 Be7 11.Bc2 d4 12.Nb3 d3 13.Bb1 Nxb3 14.axb3 Bf5 15.Re1 O-O
16.Be3 Qd5 17.Bd4 Rfd8 18.Re3 Nxd4 19.cxd4 c5 20.Bxd3 cxd4 21.Re2 Qe6 22.Rd2 Bxd3
23.Rxd3 Bc5 24.Qd2 Rd5 25.h3 h6 26.Qf4 Re8 27.Qd2 Ba7 28.Rd1 Bb8 29.Re1 Bxe5
30.Nxe5 Rxe5 31.Rxe5 Qxe5 32.Rxd4 Qe1+ 33.Kh2 Qxd2 34.Rxd2 Kf8 35.Kg3 Re6
36.Kf3 Ke7 37.b4 Rc6 38.Ke3 Ke6 39.b3 Ke5 40.f4+ Ke6 41.Rd3 Rc2 42.Rd2 Rc3+
43.Rd3 Rc1 44.Kf3 Rf1+ 45.Ke3 g5 46.fxg5 hxg5 47.Kd4 f5 48.Re3+ Kf6 49.Re2 f4
50.Kc5 Ra1 51.Rd2 Ra3 52.Rd6+ Kf5 53.Rd5+ Kg6 54.Rd3 Ra1 55.g4 Kf6 56.Kd4 Rc1
57.Ke4 Re1+ 58.Kd4 Rc1 59.Ke4 Ke6 60.Kd4 Rc2 61.Ke4 Re2+ 62.Kd4 Kd6 63.Rf3 Re7
64.Rd3 Re8 65.Rf3 Re5 66.Rc3 Re6 67.Rf3 Re8 68.Rd3 Kc6 69.Rf3 Kd6 70.Rd3 Re5  1/2-1/2

[Event "78th Tata Steel GpA"]
[Site "Wijk aan Zee NED"]
[Date "2016.01.27"]
[Round "10.2"]
[White "Caruana,F"]
[Black "Wei Yi"]
[Result "1-0"]
[WhiteElo "2787"]
[BlackElo "2706"]

1.e4 e5 2.Nf3 Nc6 3.Bb5 a6 4.Ba4 Nf6 5.O-O Nxe4 6.d4 b5 7.Bb3 d5 8.dxe5 Be6
9.c3 Be7 10.Bc2 Bg4 11.h3 Bh5 12.g4 Bg6 13.Nd4 Qd7 14.f4 Nxd4 15.cxd4 f5
16.Be3 O-O 17.Nc3 c6 18.Bxe4 dxe4 19.d5 b4 20.dxc6 Qxd1 21.Nxd1 Rfd8 22.Rc1 Rd3
23.Bc5 Bd8 24.e6 Rc8 25.e7 Ba5 26.gxf5 Be8 27.Nf2 Rd5 28.Nxe4 Bxc6 29.Bxb4 Bxb4
30.Rxc6 Re8 31.f6 Rd4 32.Re6  1-0

[Event "78th Tata Steel GpA"]
[Site "Wijk aan Zee NED"]
[Date "2016.01.29"]
[Round "11.7"]
[White "Wei Yi"]
[Black "Karjakin,Sergey"]
[Result "1/2-1/2"]
[WhiteElo "2706"]
[BlackElo "2769"]

1.e4 e5 2.Nf3 Nc6 3.Bb5 Nf6 4.O-O Nxe4 5.Re1 Nd6 6.Nxe5 Be7 7.Bf1 Nxe5 8.Rxe5 O-O
9.Nc3 Ne8 10.Nd5 Bd6 11.Re1 c6 12.Ne3 Be7 13.c4 Nc7 14.d4 d6 15.g3 Bf6 16.Bg2 g6
17.Qd3 d5 18.cxd5 cxd5 19.b3 Be6 20.Bb2 Qd7 21.Rac1 Rac8 22.f4 Bg7 23.Rc2 Na6
24.Rf2 Nb4 25.Qd1 Nc6 26.f5 gxf5 27.Ref1 Ne7 28.Ba3 Bh6 29.Qd3 Rfe8 30.Bxe7 Qxe7
31.Nxf5 Bxf5 32.Rxf5 Qe2 33.Qf3 Qxf3 34.Bxf3 Re7 35.Kg2 Be3 36.Bxd5 Rcc7
37.Rd1 Rc1 38.Rxc1 Bxc1 39.Bc4 Rd7 40.d5 Ba3 41.g4 Kg7 42.Rg5+ Kh8 43.Rh5 Kg7
44.Bd3 h6 45.g5 hxg5 46.Rxg5+ Kh6 47.Rf5 Kg7 48.Kf3 Rd6 49.Rg5+ Kh6 50.Kg4 Bc1
51.Re5 Bb2 52.Rh5+ Kg7 53.Rg5+ Kf8 54.Rh5 Kg7 55.Kf4 Rf6+ 56.Ke3 Ba3 57.h4 Bc5+
58.Ke4 Rf2 59.Ke5 Rd2 60.Rg5+ Kf8 61.Rg3 Rh2 62.Rg4 Ke7 63.a4 Rh3 64.Bc2 Bd6+
65.Kf5 Rf3+ 66.Kg5 Be5 67.Rb4 b6 68.h5 Rh3 69.Rc4 Bf6+ 70.Kh6 Be5 71.Kg5 Bf6+
72.Kh6 Be5 73.Kg5  1/2-1/2

[Event "78th Tata Steel GpA"]
[Site "Wijk aan Zee NED"]
[Date "2016.01.30"]
[Round "12.4"]
[White "Wei Yi"]
[Black "Mamedyarov,S"]
[Result "1/2-1/2"]
[WhiteElo "2706"]
[BlackElo "2747"]

1.e4 e5 2.Nf3 Nc6 3.Bb5 a6 4.Ba4 Nf6 5.O-O Be7 6.Re1 b5 7.Bb3 d6 8.c3 O-O
9.h3 Nb8 10.d4 Nbd7 11.c4 c6 12.Nc3 b4 13.Ne2 Nxe4 14.Qc2 f5 15.c5+ d5 16.Be3 Kh8
17.Nxe5 Nxe5 18.dxe5 Bh4 19.Rf1 a5 20.f3 Ng3 21.Nxg3 Bxg3 22.f4 Be6 23.Ba4 Rc8
24.Rf3 Bh4 25.Qd2 Rg8 26.Raf1 Rc7 27.g3 Be7 28.Qd4 Qd7 29.Kf2 Rcc8 30.Ke1 g6
31.Kd2 Rg7 32.Kc1 Rcg8 33.h4  1/2-1/2

[Event "78th Tata Steel GpA"]
[Site "Wijk aan Zee NED"]
[Date "2016.01.31"]
[Round "13.4"]
[White "Van Wely,L"]
[Black "Wei Yi"]
[Result "1/2-1/2"]
[WhiteElo "2640"]
[BlackElo "2706"]

1.Nf3 Nf6 2.c4 g6 3.Nc3 d5 4.cxd5 Nxd5 5.h4 Bg7 6.h5 Nc6 7.g3 e5 8.Bg2 Nxc3
9.dxc3 Qxd1+ 10.Kxd1 Bg4 11.h6 Bf6 12.Ng5 Be7 13.Be3 f6 14.Ne4 Rd8+ 15.Ke1 Be6
16.b3 Kf7 17.Rd1 a5 18.Nc5 Rxd1+ 19.Kxd1 Rd8+ 20.Kc2 Bd5 21.f3 b6 22.Ne4 Bf8
23.f4 exf4 24.Bxf4 Ne5 25.Bxe5 Bxe4+ 26.Bxe4 fxe5 27.Bd3 Rd6 28.Bc4+ Ke7
29.Bg8 g5 30.Bxh7 Rxh6 31.Rxh6 Bxh6  1/2-1/2

[Event "Aeroflot Open A 2016"]
[Site "Moscow RUS"]
[Date "2016.03.01"]
[Round "1.3"]
[White "Potkin,V"]
[Black "Wei Yi"]
[Result "1-0"]
[WhiteElo "2585"]
[BlackElo "2714"]

1.c4 g6 2.e4 e5 3.d4 Nf6 4.Nf3 exd4 5.e5 Ne4 6.Qxd4 Bb4+ 7.Kd1 f5 8.exf6 Nxf6
9.Qh4 d5 10.Bg5 Be7 11.cxd5 Nxd5 12.Bc4 Nc6 13.Bxd5 Be6 14.Bxe7 Nxe7 15.Re1 Bxd5
16.Kc2 Qd7 17.Nc3 Qf5+ 18.Kc1 O-O-O 19.Rxe7 Bxf3 20.gxf3 Qxf3 21.Qg3 Qc6
22.Kc2 Rd6 23.Rae1 Rhd8 24.R1e2 a5 25.Qe5  1-0

[Event "Aeroflot Open A 2016"]
[Site "Moscow RUS"]
[Date "2016.03.02"]
[Round "2.31"]
[White "Wei Yi"]
[Black "Lorparizangeneh,S"]
[Result "1/2-1/2"]
[WhiteElo "2714"]
[BlackElo "2449"]

1.Nf3 Nf6 2.c4 g6 3.Nc3 d5 4.cxd5 Nxd5 5.Qc2 Nc6 6.Qb3 Ndb4 7.a3 Be6 8.Qd1 Nd5
9.e4 Nxc3 10.bxc3 Bg7 11.d4 Na5 12.Rb1 O-O 13.h4 Bg4 14.Rb5 b6 15.Rg5 Qc8
16.h5 h6 17.Rxg4 Qxg4 18.Rh4 Qe6 19.d5 Bxc3+ 20.Bd2 Qf6 21.e5 Bxd2+ 22.Qxd2 Qg7
23.hxg6 fxg6 24.Bd3 g5 25.Rg4 Rxf3 26.gxf3 Qxe5+ 27.Kf1 Nb3 28.Qc2 Nc5 29.Bc4 Kg7
30.f4 Qd4 31.Qe2 Qe4 32.Qxe4 Nxe4 33.fxg5 Nd2+ 34.Ke2 Nxc4 35.gxh6+ Kxh6
36.Rxc4 Rc8 37.Ke3 Kg6 38.Ke4 Kf6 39.Rc6+ Kf7 40.Ke5 a5 41.a4 b5 42.axb5 Rb8
43.Rxc7 Rxb5 44.Ra7 Ke8 45.f4 Kd8 46.Ra8+ Kd7 47.Ra6 Rb1 48.Ra7+ Ke8 49.Rxa5 Re1+
50.Kf5 Kd7 51.Kg6 Kd6 52.f5 Re5 53.f6 exf6 54.Kxf6 Rxd5 55.Rxd5+ Kxd5  1/2-1/2

[Event "Aeroflot Open A 2016"]
[Site "Moscow RUS"]
[Date "2016.03.03"]
[Round "3.31"]
[White "Goryachkina,A"]
[Black "Wei Yi"]
[Result "0-1"]
[WhiteElo "2509"]
[BlackElo "2714"]

1.e4 c5 2.Nf3 Nc6 3.Bb5 e6 4.O-O Nge7 5.c3 a6 6.Ba4 b5 7.Bc2 Bb7 8.Qe2 Qb6
9.a4 b4 10.d3 a5 11.Nbd2 Ba6 12.Nc4 Qc7 13.Re1 Ng6 14.g3 Be7 15.h4 h5 16.Bb3 Rb8
17.Rb1 Bf6 18.Bd2 d6 19.Rec1 Kf8 20.Ne3 Qb6 21.Nc4 Qd8 22.Ne3 Nge7 23.Bc4 Bb7
24.Ng2 Ng6 25.Nf4 Nxf4 26.Bxf4 Rc8 27.Be3 Ne7 28.Bb5 g6 29.Bg5 Bxg5 30.Nxg5 Kg7
31.d4 cxd4 32.cxd4 Qb6 33.Qd2 Rhf8 34.b3 Ng8 35.Kg2 Nh6 36.Be2 Rfe8 37.Bf3 e5
38.d5 Ba6 39.Rxc8 Rxc8 40.Rc1 Rxc1 41.Qxc1 Ng8 42.g4 hxg4 43.Bxg4 Nf6 44.Bf3 Qc5
45.Qh1 Bd3 46.h5 gxh5 47.Qe1 Qd4 48.Kg3 Qc3 49.Qg1 Qd2 50.Kh3 Ng4  0-1

[Event "Aeroflot Open A 2016"]
[Site "Moscow RUS"]
[Date "2016.03.04"]
[Round "4.18"]
[White "Wei Yi"]
[Black "Wagner,De"]
[Result "1/2-1/2"]
[WhiteElo "2714"]
[BlackElo "2583"]

1.d4 d5 2.c4 c6 3.Nf3 Nf6 4.Nc3 dxc4 5.a4 e6 6.e3 c5 7.Bxc4 Nc6 8.O-O Be7
9.Qe2 cxd4 10.exd4 O-O 11.Rd1 Nb4 12.Bg5 h6 13.Bxf6 Bxf6 14.Ne4 b6 15.Ne5 Be7
16.Ra3 Bb7 17.Qg4 Nd5 18.Rg3 Bg5 19.Bxd5 Bxd5 20.Nxg5 Qxg5 21.Qh3 Qf4 22.Rg4 Qf5
23.Qg3 g5 24.h4 f6 25.hxg5 fxe5 26.gxh6+ Kh8 27.dxe5 Rac8 28.Rg7 Qc2 29.Re1 Rg8
30.Qg5 Rcf8 31.Rxg8+ Rxg8 32.Qf6+  1/2-1/2

[Event "Aeroflot Open A 2016"]
[Site "Moscow RUS"]
[Date "2016.03.05"]
[Round "5.17"]
[White "Esipenko,Andrey"]
[Black "Wei Yi"]
[Result "0-1"]
[WhiteElo "2445"]
[BlackElo "2714"]

1.Nf3 g6 2.g3 Bg7 3.d4 c5 4.c3 Nf6 5.Bg2 O-O 6.O-O Qb6 7.a4 d6 8.a5 Qc7 9.Bg5 Nbd7
10.Qc1 Re8 11.Bh6 Bh8 12.Re1 b5 13.axb6 Nxb6 14.e4 Bb7 15.e5 Ng4 16.e6 f5
17.h3 Nxh6 18.Qxh6 Bg7 19.Qh4 Bxf3 20.Bxf3 d5 21.Na3 Bf6 22.Qh6 cxd4 23.Nb5 Qc4
24.Nxd4 Bxd4 25.cxd4 Qxd4 26.b3 Rac8 27.Rad1 Qg7 28.Qxg7+ Kxg7 29.Bxd5 Rc3
30.Bg2 Rec8 31.g4 Rxb3 32.gxf5 gxf5 33.Rd4 Rbc3 34.Bf1 Rc1 35.Re3 Kf6 36.Rg3 R8c4
37.Rd8 Rc8 38.Rd4 Re1 39.Kg2 Ke5 40.Rh4 Nd5 41.Ba6 Rc2 42.Rf3 Rcc1 43.Ra3 Nf4+
44.Kg3 Rg1+ 45.Kf3 Nxe6 46.Ra5+ Kf6 47.Bd3 Ng5+ 48.Kf4 e5+ 49.Rxe5 Nxh3+
50.Rxh3 Rg4+ 51.Ke3 Re1+ 52.Be2 Kxe5 53.Kd2 Rgg1 54.Rxh7 Ra1  0-1

[Event "Aeroflot Open A 2016"]
[Site "Moscow RUS"]
[Date "2016.03.06"]
[Round "6.10"]
[White "Wei Yi"]
[Black "Kobalia,M"]
[Result "0-1"]
[WhiteElo "2714"]
[BlackElo "2632"]

1.Nf3 d5 2.c4 c6 3.e3 Nf6 4.Nc3 e6 5.b3 Bd6 6.Bb2 O-O 7.Be2 Re8 8.Qc2 e5
9.cxd5 cxd5 10.Nb5 Nc6 11.Nxd6 Qxd6 12.d4 Nb4 13.Qd2 e4 14.Ne5 Nd7 15.O-O f6
16.a3 Na6 17.f4 exf3 18.Nxf3 Nf8 19.Bd3 Bd7 20.Rae1 Qb6 21.Bc2 Rac8 22.Rf2 Bc6
23.a4 Qb4 24.Bc3 Qd6 25.Bd3 Bd7 26.h3 Qb6 27.Rb1 Qc7 28.Ba5 Qg3 29.Kh1 Nb8
30.Bb4 Nc6 31.Bxf8 Rxf8 32.Rbf1 Rfe8 33.Re2 a5 34.e4 Nb4 35.Bb1 dxe4 36.Rxe4 Rxe4
37.Bxe4 Re8 38.Re1 f5 39.Bxb7 Rxe1+ 40.Qxe1 Qxe1+ 41.Nxe1 Be6 42.d5 Nxd5
43.Nc2 Kf7 44.Kg1 Kf6 45.Ba6 Nc7 46.Bc4 Bxc4 47.bxc4 Ne6 48.Kf2 Ke5  0-1

[Event "Aeroflot Open A 2016"]
[Site "Moscow RUS"]
[Date "2016.03.07"]
[Round "7.20"]
[White "Alekseenko,K"]
[Black "Wei Yi"]
[Result "0-1"]
[WhiteElo "2554"]
[BlackElo "2714"]

1.d4 Nf6 2.c4 g6 3.Nc3 d5 4.Bf4 Bg7 5.e3 O-O 6.Nf3 c5 7.dxc5 Ne4 8.Rc1 Nd7
9.cxd5 Qa5 10.Be2 Nxc3 11.bxc3 Bxc3+ 12.Kf1 Nxc5 13.h4 Bd7 14.Kg1 Rac8 15.h5 Ne4
16.hxg6 fxg6 17.Bd3 Nf6 18.Ng5 Bd2 19.Rb1 Qc3 20.Qe2 Bg4 21.Qf1 Nxd5 22.Ne4 Qa5
23.Bc4 Be6 24.Rb5 Qa4 25.Bxd5 Bxd5 26.Rxd5 Rc1 27.Nxd2 Rxf1+ 28.Nxf1 Rc8
29.Rd2 Rc1 30.Rd8+ Kg7 31.Kh2 Qa5 32.Rd7 Qh5+ 33.Kg1 Rxf1+ 34.Kxf1 Qb5+ 35.Ke1 Qxd7
36.Be5+ Kg8 37.Rh4 Qd5 38.Bc3 Qxg2 39.a4 h5 40.Be5 g5  0-1

[Event "Aeroflot Open A 2016"]
[Site "Moscow RUS"]
[Date "2016.03.08"]
[Round "8.11"]
[White "Wei Yi"]
[Black "Bachmann,Ax"]
[Result "1/2-1/2"]
[WhiteElo "2714"]
[BlackElo "2609"]

1.d4 Nf6 2.c4 e6 3.Nc3 Bb4 4.Nf3 b6 5.e3 Bb7 6.Bd3 O-O 7.O-O d5 8.cxd5 exd5
9.Ne5 Nbd7 10.f4 a6 11.Rf3 Re8 12.Rh3 Nf8 13.Bd2 Bd6 14.Be1 Bc8 15.Rf3 Ng6
16.Nc6 Qd7 17.Ne5 Qd8 18.Nc6 Qd7 19.Ne5  1/2-1/2

[Event "Aeroflot Open A 2016"]
[Site "Moscow RUS"]
[Date "2016.03.09"]
[Round "9.10"]
[White "Petrosian,TL"]
[Black "Wei Yi"]
[Result "1/2-1/2"]
[WhiteElo "2607"]
[BlackElo "2714"]

1.Nf3 Nf6 2.g3 g6 3.Bg2 Bg7 4.c4 O-O 5.Nc3 d5 6.cxd5 Nxd5 7.O-O c5 8.Nxd5 Qxd5
9.d3 Nc6 10.Be3 Bxb2 11.Rb1 Bf6 12.Qa4 Qd7 13.Qb5 Qe6 14.Qa4 Rd8 15.Bxc5 Qxe2
16.Rfe1 Qxd3 17.Rbd1 Qf5 18.Rxd8+ Nxd8 19.Qe8+ Kg7 20.Bxe7 Bxe7 21.Rxe7 Nc6
22.Rc7 Qb1+ 23.Ne1 Qxa2 24.Bxc6 bxc6 25.Qe5+ Kg8 26.Qe8+ Kg7 27.Qe5+ Kg8  1/2-1/2

[Event "ch-CHN 2016"]
[Site "Xinghua CHN"]
[Date "2016.04.17"]
[Round "1.5"]
[White "Wei Yi"]
[Black "Bai,Jinshi"]
[Result "1-0"]
[WhiteElo "2700"]
[BlackElo "2564"]

1.c4 c6 2.b3 Nf6 3.Bb2 g6 4.g3 Bg7 5.Bg2 O-O 6.Nf3 d5 7.d3 Bg4 8.Nbd2 Bxf3
9.Nxf3 e6 10.O-O Ne8 11.d4 Nd6 12.Rc1 Re8 13.e3 a5 14.Nd2 Nd7 15.a4 Nb8 16.Qe2 Na6
17.Bc3 Nb4 18.c5 Nf5 19.Bxb4 axb4 20.Bh3 Ne7 21.Nf3 b6 22.Qd2 bxc5 23.Rxc5 Qb6
24.Rfc1 Ra7 25.Ne1 e5 26.Nf3 e4 27.Ne5 Bxe5 28.dxe5 Rea8 29.Qd4 Kg7 30.Bd7 Rc7
31.e6+ f6 32.g4 h6 33.h4 g5 34.h5 Ra5 35.Rxa5 Qxa5 36.Rc5 Qb6 37.Kg2 Qb8
38.Ra5 Qb7 39.Qc5 Kf8 40.Qd6 Qb8 41.Bxc6 Rc8 42.Qxb8 Rxb8 43.Bxd5 Rb6 44.Ra8+ Kg7
45.Ra7 Kf8 46.a5 Rd6 47.Bc4  1-0

[Event "ch-CHN 2016"]
[Site "Xinghua CHN"]
[Date "2016.04.18"]
[Round "2.3"]
[White "Xu,Yinglun"]
[Black "Wei Yi"]
[Result "1/2-1/2"]
[WhiteElo "2523"]
[BlackElo "2700"]

1.d4 Nf6 2.c4 g6 3.Nc3 d5 4.cxd5 Nxd5 5.Qb3 Nb6 6.Nf3 Bg7 7.Bf4 Be6 8.Qc2 Nc6
9.e3 Nb4 10.Qd1 O-O 11.a3 N4d5 12.Nxd5 Nxd5 13.Be5 Bxe5 14.Nxe5 c5 15.dxc5 Qa5+
16.b4 Qc7 17.Nd3 a5 18.b5 Nc3 19.Qc1 Nxb5 20.Nf4 a4 21.Nxe6 fxe6 22.Qb2 Qa5+
23.Qb4 Nc7 24.Qxa5 Rxa5 25.Rc1 Rc8 26.Bd3 Ne8 27.Kd2 Nf6 28.Rc4 Nd7 29.Rb1 Nxc5
30.Ke2 Rd8 31.Bc2 Rd5 32.Rb6 Kg7 33.h4 Ra8 34.Rbb4 Ra5  1/2-1/2

[Event "ch-CHN 2016"]
[Site "Xinghua CHN"]
[Date "2016.04.19"]
[Round "3.4"]
[White "Wei Yi"]
[Black "Zeng,C"]
[Result "1-0"]
[WhiteElo "2700"]
[BlackElo "2549"]

1.e4 c6 2.d4 d5 3.Nd2 dxe4 4.Nxe4 Bf5 5.Ng3 Bg6 6.h4 h6 7.Nf3 Nd7 8.h5 Bh7
9.Bd3 Bxd3 10.Qxd3 e6 11.Bd2 Ngf6 12.O-O-O Be7 13.Kb1 O-O 14.Ne4 Nxe4 15.Qxe4 Nf6
16.Qe2 Qd5 17.Be3 Rad8 18.Ne5 Nd7 19.Bc1 Nxe5 20.dxe5 Qa5 21.f4 Rxd1 22.Rxd1 Rd8
23.Rf1 Rd4 24.c3 Rd7 25.c4 Qb6 26.g4 Qd4 27.Kc2 b5 28.Rd1 Qxd1+ 29.Qxd1 Rxd1
30.Kxd1 bxc4 31.Be3 a6 32.Kc2 f5 33.exf6 Bxf6 34.b3 cxb3+ 35.Kxb3 Kf7 36.Kb4 e5
37.Kc5 Ke6 38.Kxc6 Bh4 39.a4 Bg3 40.fxe5 Kxe5 41.Kb6 Ke4 42.Bc5 Kf3 43.Kxa6 Kxg4
44.Kb5 Kxh5 45.a5 Bb8 46.a6 Kg4 47.Kb6 h5 48.Kb7  1-0

[Event "ch-CHN 2016"]
[Site "Xinghua CHN"]
[Date "2016.04.20"]
[Round "4.4"]
[White "Zhou Jianchao"]
[Black "Wei Yi"]
[Result "1/2-1/2"]
[WhiteElo "2612"]
[BlackElo "2700"]

1.d4 Nf6 2.c4 e6 3.Nc3 Bb4 4.Qb3 c5 5.dxc5 Nc6 6.Bg5 h6 7.Bxf6 Qxf6 8.Rc1 Bxc5
9.e3 b6 10.Nf3 Ne5 11.Be2 Bb7 12.Qd1 Nxf3+ 13.Bxf3 Bxf3 14.Qxf3 Qxf3 15.gxf3 Bb4
16.Ke2 Bxc3 17.Rxc3 Rc8 18.Rhc1 d6 19.b4 Ke7 20.c5 bxc5 21.bxc5 dxc5 22.Rxc5 Rxc5
23.Rxc5 Rd8 24.Ra5 Rd7 25.Ra6 g5 26.h3 Kf6 27.f4 gxf4 28.exf4 Rc7 29.Kf3 Kg6
30.Ra5 Rc3+  1/2-1/2